Osmanlı belgelerinde Ermeni-Rus ilişkileri (Record no. 197)
[ view plain ]
| 000 -BAŞLIK | |
|---|---|
| Sabit Uzunlukta Kontrol Alanı | 01212na a2200337 4500 |
| 001 - KONTROL NUMARASI | |
| Denetim Alanı | 15252 |
| 003 - KONTROL NUMARASI IDENTIFIER | |
| Denetim Alanı | MIRAKIL |
| 005 - SON İŞLEM TARİHİ VE ZAMANI | |
| Denetim Alanı | 20181213154738.0 |
| 008 - SABİT-BOY VERİ ELEMANLARI - GENEL BİLGİLER | |
| Sabit Uzunlukta Kontrol Alanı | 161025b tu 000 0 |
| 020 ## - ULUSLARARASI STANDART KİTAP NUMARASI | |
| Uluslararası Standart Kitap Numarası | 9751938627 (c.3) |
| 020 ## - ULUSLARARASI STANDART KİTAP NUMARASI | |
| Uluslararası Standart Kitap Numarası | 9751938619 (c.2) |
| 020 ## - ULUSLARARASI STANDART KİTAP NUMARASI | |
| Uluslararası Standart Kitap Numarası | 9751938600 (c.1) |
| 020 ## - ULUSLARARASI STANDART KİTAP NUMARASI | |
| Uluslararası Standart Kitap Numarası | 9751938597 (tk) |
| 035 ## - SİSTEM KONTROL NUMARASI | |
| Sistem Kontrol Numarası | 15252 |
| 040 ## - KATALOGLAMA KAYNAK | |
| Orijinal Kataloglama Ajansı | Milas |
| Kataloglama Dili | tur |
| Metne Dönüştürmek Ajansı | TR-AnCHP |
| 041 ## - DİL KODU | |
| Metin / Ses Parça Veya Ayrı Başlığın Dil Kodu | tur |
| 082 ## - DEWEY ONLU SINIFLANDIRMA NUMARASI | |
| Sınıflandırma Numarası | 327.4704792 |
| Ürün Numarası | O75 2006 |
| 090 ## - SINIFLAMA NUMARASI | |
| Sınıflama Numarası | 327.4704792 O75 2006 |
| 245 ## - BAŞLIK TABLOSU | |
| Başlık | Osmanlı belgelerinde Ermeni-Rus ilişkileri |
| Sorumluluk Tablosu, Vb | Yayına hazırlayanlar Recep Karacakaya ...[ve öte.] |
| 260 ## - YAYIN, DAĞITIM, VB | |
| Yayın, Dağıtım, Vb Yeri | Ankara |
| Yayıncı, Dağıtıcı, Vs Adı | Başbakanlık Devlet Arşivleri Genel Müdürlüğü |
| Yayın, Dağıtım, Vb Tarihi | 2006 |
| 300 ## - FİZİKSEL TANIM | |
| Kapsam | 435 s. |
| Boyutlar | 25 sm. |
| 490 ## - SERİSİ TABLOSU | |
| Seri Beyanı | Başbakanlık Devlet Arşivleri Genel Müdürlüğü Osmanlı Arşivi Daire Başkanlığı |
| Hacim / Ardışık Tanımı | 78 |
| 500 ## - GENEL NOT | |
| Genel Not | Yapıt Osmanlı Türkçesi metinler içerir. |
| 650 ## - KONU KATMA GİRİŞ - TOPİKAL DÖNEM | |
| Topikal Süreli Veya Coğrafi Ad Giriş Elemanı | Ermeni sorunu |
| Genel Alt Bölümü | Kaynaklar |
| 650 ## - KONU KATMA GİRİŞ - TOPİKAL DÖNEM | |
| Topikal Süreli Veya Coğrafi Ad Giriş Elemanı | Osmanlı İmparatorluğu |
| Genel Alt Bölümü | Ermeniler |
| 650 ## - KONU KATMA GİRİŞ - TOPİKAL DÖNEM | |
| Topikal Süreli Veya Coğrafi Ad Giriş Elemanı | Ermeniler |
| Genel Alt Bölümü | Uluslararası ilişkiler |
| Kronolojik Alt Bölümü | Ruslar |
| 651 ## - KONU KATMA GİRİŞ - COĞRAFİ ADI | |
| Coğrafi İsim | Rusya |
| Genel Alt Bölümü | Uluslararası ilişkiler |
| Kronolojik Alt Bölümü | Kaynaklar |
| Coğrafi Alt Bölümü | Ermenistan |
| 651 ## - KONU KATMA GİRİŞ - COĞRAFİ ADI | |
| Coğrafi İsim | Ermenistan |
| Genel Alt Bölümü | Uluslararası ilişkiler |
| Kronolojik Alt Bölümü | Kaynaklar |
| Coğrafi Alt Bölümü | Rusya |
| 700 ## - KATMA GİRİŞ - KİŞİSEL İSİM | |
| Kişisel Ad | Karacakaya, Recep |
| 942 ## - EKLENDİ GİRİŞ ELEMANLARI (KOHA) | |
| Sınıflandırma Veya Raf Düzeni Kaynak | Dewey Decimal Classification |
| Koha Öğesi Türü | Books |
| 999 ## - SİSTEM KONTROL NUMARALARI (KOHA) | |
| Koha Biblionumber | 197 |
| Koha Biblioitemnumber | 197 |
| Kalıcı Konum | Mevcut Konum | Edinme Tarihi | Edinim Kaynak | Toplam Check-Out'Lar | Tam Çağrı Numarası | Barkod | Tarih Son Görülme | İtibaren Geçerli Fiyatlar | Koha Öğesi Türü |
|---|---|---|---|---|---|---|---|---|---|
| CHP Kütüphanesi | CHP Kütüphanesi | 09/06/2016 | Bağış | 327.4704792 O75 2006 | 005026 | 09/06/2016 | 09/06/2016 | Books | |
| CHP Kütüphanesi | CHP Kütüphanesi | 10/19/2016 | Bağış | 327.4704792 O75 2006 | 005027 | 10/19/2016 | 10/19/2016 | Books | |
| Parti Okulu Kütüphanesi | Parti Okulu Kütüphanesi | 10/19/2016 | Bağış | 327.4704792 O75 2006 | P00693 | 10/19/2016 | 10/19/2016 | Books |
